Top 10 des Pokémon les plus forts selon ChatGPT - Statistiques

Statistiques générales
  • Ce quiz a été pris 120 fois
  • Le résultat moyen est 6 sur 10
Statistiques - réponses
Place Nom du Pokémon % Correct
2. Mewtwo
87%
1. Arceus
79%
3. Rayquaza
78%
7. Groudon
71%
10. Giratina
68%
6. Kyogre
66%
8. Lugia
58%
9. Necrozma
44%
4. Zacian
42%
5. Ethernatos
18%
Aucun quiz correspondant
Distribution des résultats
% des personnes avec chaque résultat
Percentile par nombre de réponses
Votre historique - résultats
Vous n’avez pas pris ce quiz